| 000 | 00443cam a2200145 a 4500 | ||
|---|---|---|---|
| 020 | _a087757166X | ||
| 040 | _cDLC | ||
| 082 | 0 | 0 | _a658 AME 1983 A051 Or. |
| 245 | 0 | 0 |
_a1983 survey of marketing research : _borganization, functions, budget, compensation / |
| 260 |
_aChicago, Ill. : _bAmerican Marketing Assn., _cc1983. |
||
| 300 |
_a66 p. : _bill. ; _c22 x 29 cm. |
||
| 650 | 0 | _aMarketing research. | |
| 700 | 1 | _aTwedt, Dik Warren, | |
| 942 | _cEK | ||
| 999 |
_c14584 _d14584 |
||